Advanced engineering mathematics, 7th Ed; instructors manual (Record no. 288607)
[ view plain ]
| 000 -LEADER | |
|---|---|
| fixed length control field | 00389 a2200145 4500 |
| 001 - CONTROL NUMBER | |
| control field | 53534 |
| 082 ## - DEWEY DECIMAL CLASSIFICATION NUMBER | |
| Classification number | 510KRE |
| 090 ## - LOCALLY ASSIGNED LC-TYPE CALL NUMBER (OCLC); LOCAL CALL NUMBER (RLIN) | |
| -- | 33682 |
| -- | 33682 |
| 100 ## - MAIN ENTRY--PERSONAL NAME | |
| Personal name | Kreyszig, Erwin |
| 245 ## - TITLE STATEMENT | |
| Title | Advanced engineering mathematics, 7th Ed; instructors manual |
| Statement of responsibility, etc. | Erwin Kreyszig |
| 250 ## - EDITION STATEMENT | |
| Edition statement | 7 |
| 260 ## - PUBLICATION, DISTRIBUTION, ETC. | |
| Place of publication, distribution, etc. | NY |
| Name of publisher, distributor, etc. | John Wiley NY |
| Date of publication, distribution, etc. | 1993 |
| 300 ## - PHYSICAL DESCRIPTION | |
| Extent | iii, 365 p |
| Other physical details | photocopy |
| 500 ## - GENERAL NOTE | |
| General note | BE textbook H & S dept |
| 942 ## - ADDED ENTRY ELEMENTS (KOHA) | |
| Institution code [OBSOLETE] | NUST-CAE |
| Call number prefix | 510KRE |
| Withdrawn status | Lost status | Damaged status | Not for loan | Collection code | Permanent Location | Current Location | Date acquired | Total Checkouts | Full call number | Barcode | Date last seen | Price effective from | Koha item type |
|---|---|---|---|---|---|---|---|---|---|---|---|---|---|
| College of Aeronautical Engineering (CAE) | College of Aeronautical Engineering (CAE) | 04/03/2017 | 510KRE | CAE75365 | 04/05/2017 | 04/05/2017 | Book | ||||||
| College of Aeronautical Engineering (CAE) | College of Aeronautical Engineering (CAE) | 04/03/2017 | 510KRE | CAEG-4077 | 04/05/2017 | 04/05/2017 | Book | ||||||
| College of Aeronautical Engineering (CAE) | College of Aeronautical Engineering (CAE) | 04/03/2017 | 510KRE | CAE75366 | 04/05/2017 | 04/05/2017 | Book |
